Statistics for Dictionary Defintions #2

Click here to take the quiz!

General Stats

  • This quiz has been taken 9 times
  • The average score is 13 of 20

Answer Stats

DefintionCategory of wordAnswer% Correct
A test of knowledge, especially as a competition between individuals or teams as a form of entertainment.NounQuiz
100%
An apparition of a dead person which is believed to appear or become manifest to the living, typically as a nebulous image.NounGhost
89%
Squeeze (someone) tightly in one's arms, typically to express affection.VerbHug
89%
A domesticated carnivorous mammal that typically has a long snout, an acute sense of smell, non-retractile claws, and a barking, howling, or whining voice.NounDog
78%
Intense and selfish desire for something, especially wealth, power, or food.NounGreed
78%
Free of deceit; truthful and sincere.AdjectiveHonest
78%
The method of human communication, either spoken or written, consisting of the use of words in a structured and conventional way.NounLanguage
78%
Perceive the intended meaning of (words, a language, or a speaker).VerbUnderstand
78%
Move forward on the hands and knees or by dragging the body close to the ground.VerbCrawl
67%
Slightly wet.AdjectiveMoist
67%
In, relating to, or characteristic of a town or city.AdjectiveUrban
67%
Feeling or showing strong annoyance, displeasure, or hostility; full of anger.AdjectiveAngry
56%
Literature in the form of prose, especially novels, that describes imaginary events and people.NounFiction
56%
Having a hole or empty space inside.AdjectiveHollow
56%
A cause, explanation, or justification for an action or event.NounReason
56%
A deeply distressing or disturbing experience.NounTrauma
56%
Give a detailed account in detail.VerbDescribe
33%
A large or sufficient amount or quantity; more than enough.PronounPlenty
33%
A soldier specially trained for carrying out raids.NounCommando
22%
The feeling or belief that one can have faith in or rely on someone or something.NounConfidence
22%

Score Distribution

Percentile by Number Answered

Percent of People with Each Score

Your Score History

You have not taken this quiz